|
LDR
| 01503nam a22004215i 4500 |
|---|
| 001 | 3936 |
|---|
| 003 | CONS |
|---|
| 005 | 20121024175437.0 |
|---|
| 007 | cr nn 008mamaa |
|---|
| 008 | 110316s2011 xxu| s |||| 0|eng d |
|---|
| 020 | | . |
‡a9781441984623
‡9978-1-4419-8462-3 |
|---|
| 024 | 7 | . |
‡a10.1007/978-1-4419-8462-3
‡2doi |
|---|
| 035 | | . |
‡a(DE-He213)978-1-4419-8462-3 |
|---|
| 050 | | 4. |
‡aQA76.76.A65 |
|---|
| 072 | | 7. |
‡aUNH
‡2bicssc |
|---|
| 072 | | 7. |
‡aUDBD
‡2bicssc |
|---|
| 072 | | 7. |
‡aCOM032000
‡2bisacsh |
|---|
| 100 | 1 | . |
‡aAggarwal, Charu C. |
|---|
| 245 | 1 | 0. |
‡aSocial Network Data Analytics
‡h[electronic resource] /
‡cedited by Charu C. Aggarwal. |
|---|
| 250 | | . |
‡a1. |
|---|
| 260 | | . |
‡aBoston, MA :
‡bSpringer US,
‡c2011. |
|---|
| 300 | | . |
‡aXIV, 502p. 100 illus., 50 illus. in color.
‡bdigital. |
|---|
| 650 | | 0. |
‡aComputer science. |
|---|
| 650 | | 0. |
‡aComputer network architectures. |
|---|
| 650 | | 0. |
‡aDatabase management. |
|---|
| 650 | | 0. |
‡aInformation systems. |
|---|
| 650 | | 0. |
‡aSocial sciences
‡xData processing. |
|---|
| 650 | | 0. |
‡aInformation Systems. |
|---|
| 650 | 1 | 4. |
‡aComputer Science. |
|---|
| 650 | 2 | 4. |
‡aInformation Systems Applications (incl.Internet). |
|---|
| 650 | 2 | 4. |
‡aDatabase Management. |
|---|
| 650 | 2 | 4. |
‡aManagement of Computing and Information Systems. |
|---|
| 650 | 2 | 4. |
‡aComputer Systems Organization and Communication Networks. |
|---|
| 650 | 2 | 4. |
‡aComputer Appl. in Social and Behavioral Sciences. |
|---|
| 710 | 2 | . |
‡aSpringerLink (Online service) |
|---|
| 773 | 0 | . |
‡tSpringer eBooks |
|---|
| 776 | 0 | 8. |
‡iPrinted edition:
‡z9781441984616 |
|---|
| 856 | 4 | 0. |
‡uhttp://dx.doi.org/10.1007/978-1-4419-8462-3
‡9CONS |
|---|
| 950 | | . |
‡aComputer Science (Springer-11645) |
|---|
| 901 | | . |
‡a3936
‡b
‡c3936
‡tbiblio
‡sSystem Local |
|---|